000 00172nam a2200073Ia 4500
008 170620s9999 xx 000 0 und d
100 _aKumar
245 0 _aCURRENT TRENDS IN INDIAN EDUCATION
260 _bAPH
999 _c26068
_d26068